000 00372 a2200109 4500
001 ART_42386
005 20260410161755.0
008 260409a
245 1 0 _aIncidencia del fallo "Intercop SRL" sobre el régimen de ejecución fiscal de las provincias
100 1 _aSequeira, Marcos A.
773 0 _tDoctrina tributaria
_g- Nº 366 (sep. 2010)
_wREV4296
999 _c20052
_d20052